000 00497nam a2200181Ia 4500
005 20250508161523.0
008 008 250505s9999 xx 000 0 eng d
037 _aTextual
040 _aFEDL
_beng
_cFEDL
041 _aeng
_2eng
084 _a178.5, GAN
_qFEDL
100 _aGandhi M. K.
245 0 _aDrink, drugs and gambling
260 _aAhmedabad, India
_bNavjivan Prakashan Mandir
_c1952
300 _axi,158p
942 _cTEXL
_h178.5, GAN
999 _c1370488
_d1370488